000 00567nam a2200229Ia 4500
003 OSt
005 20221006165032.0
006 a|||||r|||| 00| 0
007 ta
008 221006b |||||||| |||| 00| 0 eng d
024 _a1,308
037 _cTextual
040 _aFML
_cFML
_beng
041 _2eng
_aeng
082 _a4, P6
100 _aKumar S Au.
_9678964
245 0 _aBroadcast Journalism
260 _aGurugram
_bShubhi Publication
_c2006
300 _a248
_ccm.
942 _h4, P6
_cTEXL
_2CC
999 _c1119371
_d1119371